[Event "CZE/SVK-chT (Women)"]
[Site "Ricany"]
[Date "2015.06.29"]
[Round "3"]
[White "Semenova, Elena"]
[Black "Fuskova, Martina"]
[Result "0-1"]
[WhiteElo "2160"]
[BlackElo "1969"]
[PlyCount "96"]
[EventDate "2015.06.27"]
[EventType "team-tourn"]
[EventRounds "7"]
[EventCountry "CZE"]
[SourceTitle "EXT 2017"]
[Source "ChessBase"]
[SourceDate "2016.10.25"]
[SourceVersion "1"]
[SourceVersionDate "2016.10.25"]
[SourceQuality "1"]

1. e4 c5 2. Nf3 e6 3. d4 cxd4 4. Nxd4 Nf6 5. Nc3 d6 6. g3 Be7 7. Bg2 Nc6 8. Nxc6 bxc6 9. e5 Nd5 10. exd6 Bxd6 11. 0-0 0-0 12. Ne4 Bc7 13. c4 Ne7 14. Be3 e5 15. Qh5 Bf5 16. Bc5 Bg6 17. Qe2 Re8 18. h4 Qb8 19. h5 Bxe4 20. Bxe4 Bd6 21. Bxh7+ Kxh7 22. Qd3+ Kg8 23. Qxd6 Qxb2 24. Qd7 Rad8 25. Qg4 Qc2 26. h6 Qg6 27. Qxg6 Nxg6 28. Bxa7 gxh6 29. a4 e4 30. a5 Ra8 31. Bb6 Ra6 32. Rfd1 Ne5 33. c5 Nc4 34. Rd8 Rxd8 35. Bxd8 f5 36. Rc1 Ne5 37. Bc7 Nd3 38. Rc4 Kf7 39. Kf1 Ke6 40. Ke2 Kd5 41. Rc2 Nxc5 42. Bb6 Nb3 43. Ke3 Nxa5 44. Bxa5 Rxa5 45. Kf4 Kd6 46. Rd2+ Rd5 47. Ra2 Ke6 48. Rb2 Rd3 0-1

[Event "Mitropa Cup (Women)"]
[Site "Zillertal"]
[Date "2015.06.22"]
[Round "9.5"]
[White "Fuskova, Martina"]
[Black "Hrescak, Ivana"]
[Result "1-0"]
[WhiteElo "1969"]
[BlackElo "2057"]
[PlyCount "119"]
[EventDate "2015.06.14"]
[EventType "team-tourn"]
[EventRounds "9"]
[EventCountry "AUT"]
[SourceTitle "CBM 167 Extra"]
[Source "ChessBase"]
[SourceDate "2015.09.14"]
[SourceVersion "1"]
[SourceVersionDate "2015.09.14"]
[SourceQuality "1"]
[WhiteTeam "Czech Republic (W)"]
[BlackTeam "Slovenia (W)"]
[WhiteTeamCountry "CZE"]
[BlackTeamCountry "SLO"]

1. e4 c5 2. Nf3 d6 3. d4 cxd4 4. Nxd4 Nf6 5. Nc3 g6 6. Be3 Bg7 7. f3 Nc6 8. Qd2 0-0 9. Bc4 Bd7 10. Bb3 Na5 11. g4 Nxb3 12. axb3 a6 13. h4 b5 14. h5 b4 15. Nd5 e5 16. Ne2 Nxd5 17. exd5 e4 18. Bd4 Bxd4 19. Nxd4 exf3 20. 0-0-0 g5 21. h6 a5 22. Nxf3 f6 23. Qd4 Rf7 24. Rdf1 Qe7 25. Re1 Qd8 26. Ref1 Qe7 27. Re1 Qd8 28. Nd2 a4 29. bxa4 Rxa4 30. b3 Ra6 31. Qxb4 Qa8 32. Qd4 Ra1+ 33. Nb1 Ra5 34. Nc3 Ra1+ 35. Kd2 Rxe1 36. Rxe1 Qf8 37. Rh1 Qe7 38. Rf1 f5 39. gxf5 Bxf5 40. Nb5 Qf8 41. Nxd6 Qxd6 42. Rxf5 Qxh6 43. Rxf7 Kxf7 44. d6 g4+ 45. Kd1 Qh1+ 46. Ke2 Qh2+ 47. Kd3 Qh3+ 48. Kc4 Qf1+ 49. Kb4 Qf6 50. Qa7+ Ke8 51. Qa4+ Kd8 52. Qa5+ Ke8 53. Qb5+ Kf8 54. Qb8+ Kf7 55. Qc7+ Kf8 56. d7 Qd4+ 57. c4 Qd2+ 58. Kb5 Qg5+ 59. Kc6 Qf6+ 60. Qd6+ 1-0

[Event "Mitropa Cup (Women)"]
[Site "Zillertal"]
[Date "2015.06.17"]
[Round "4.4"]
[White "Brunello, Marina"]
[Black "Fuskova, Martina"]
[Result "1-0"]
[WhiteElo "2301"]
[BlackElo "1969"]
[PlyCount "69"]
[EventDate "2015.06.14"]
[EventType "team-tourn"]
[EventRounds "9"]
[EventCountry "AUT"]
[SourceTitle "CBM 167 Extra"]
[Source "ChessBase"]
[SourceDate "2015.09.14"]
[SourceVersion "1"]
[SourceVersionDate "2015.09.14"]
[SourceQuality "1"]
[WhiteTeam "Italy (W)"]
[BlackTeam "Czech Republic (W)"]
[WhiteTeamCountry "ITA"]
[BlackTeamCountry "CZE"]

1. e4 c5 2. Nc3 e6 3. Nf3 d6 4. g3 Nf6 5. Bg2 Be7 6. 0-0 0-0 7. d4 cxd4 8. Nxd4 Nc6 9. a4 a6 10. h3 Qc7 11. Kh1 Bd7 12. f4 Nxd4 13. Qxd4 Bc6 14. Be3 Rfd8 15. a5 Nd7 16. Qd2 b6 17. axb6 Nxb6 18. Qd3 Bb7 19. Bd4 Rac8 20. Qe2 Nd7 21. Rfd1 Bf6 22. Ra4 e5 23. fxe5 Bxe5 24. Bxe5 dxe5 25. Nd5 Bxd5 26. Rxd5 Nc5 27. Rc4 Qe7 28. b4 Nd7 29. Rxc8 Rxc8 30. Qxa6 Rc7 31. b5 h6 32. b6 Rxc2 33. Qb5 Nf6 34. b7 Rc1+ 35. Kh2 1-0

[Event "Mitropa Cup (Women)"]
[Site "Zillertal"]
[Date "2015.06.16"]
[Round "3.2"]
[White "Fuskova, Martina"]
[Black "Trippold, Denise"]
[Result "1/2-1/2"]
[WhiteElo "1969"]
[BlackElo "1966"]
[PlyCount "74"]
[EventDate "2015.06.14"]
[EventType "team-tourn"]
[EventRounds "9"]
[EventCountry "AUT"]
[SourceTitle "CBM 167 Extra"]
[Source "ChessBase"]
[SourceDate "2015.09.14"]
[SourceVersion "1"]
[SourceVersionDate "2015.09.14"]
[SourceQuality "1"]
[WhiteTeam "Czech Republic (W)"]
[BlackTeam "Austria (W) II"]
[WhiteTeamCountry "CZE"]
[BlackTeamCountry "AUT"]

1. e4 c5 2. Nf3 e6 3. d4 cxd4 4. Nxd4 Nc6 5. Nc3 Qc7 6. Be2 a6 7. 0-0 Nf6 8. Be3 Be7 9. f4 d6 10. Kh1 0-0 11. Qe1 Nxd4 12. Bxd4 b5 13. a3 Bb7 14. Bf3 Rad8 15. Rd1 Rd7 16. Qf2 Qd8 17. g4 Qa8 18. Qg2 d5 19. exd5 Nxd5 20. Nxd5 Bxd5 21. Bxd5 Rxd5 22. Bb6 Qc6 23. Rxd5 exd5 24. Bd4 Bf6 25. Rd1 Re8 26. Qf2 Qe6 27. Bxf6 Qxf6 28. c3 Qe6 29. Qf3 g6 30. h3 Qe2 31. Qxe2 Rxe2 32. Rxd5 Rxb2 33. Rd8+ Kg7 34. Ra8 Rc2 35. Rxa6 Rxc3 36. Kg2 Rc2+ 37. Kg3 Ra2 1/2-1/2

[Event "CZE-ch (Women)"]
[Site "Havlickuv Brod"]
[Date "2015.05.23"]
[Round "7"]
[White "Petrova, Kristyna"]
[Black "Fuskova, Martina"]
[Result "1-0"]
[WhiteElo "2301"]
[BlackElo "1912"]
[PlyCount "83"]
[EventDate "2015.05.17"]
[EventType "tourn"]
[EventRounds "7"]
[EventCountry "CZE"]
[SourceTitle "CBM 166 Extra"]
[Source "ChessBase"]
[SourceDate "2015.06.18"]
[SourceVersion "1"]
[SourceVersionDate "2015.06.18"]
[SourceQuality "1"]

1. e4 c5 2. Nf3 e6 3. d4 cxd4 4. Nxd4 Nf6 5. Nc3 d6 6. Be3 Be7 7. f3 0-0 8. Qd2 e5 9. Nde2 Be6 10. 0-0-0 Qa5 11. Kb1 Nc6 12. g4 b5 13. g5 Nd7 14. Nd5 Qxd2 15. Rxd2 Bxd5 16. Rxd5 a6 17. Nc3 f6 18. Bh3 Rad8 19. gxf6 Nxf6 20. Rdd1 Kh8 21. Rhf1 Rfe8 22. Bb6 Ra8 23. a4 bxa4 24. Nxa4 Bf8 25. b3 Nd8 26. Bc7 Nf7 27. Kb2 Ra7 28. Bb6 Rb7 29. Be3 Rd8 30. Be6 Re8 31. Bc4 a5 32. Nc3 Reb8 33. Ra1 Ra8 34. Ra4 Nd8 35. Nd5 Nd7 36. Rfa1 Nc6 37. Nc3 Nb6 38. Bxb6 Rxb6 39. Bd5 h6 40. Rc4 Rc8 41. Rxa5 Kh7 42. Na4 1-0

[Event "CZE-ch (Women)"]
[Site "Havlickuv Brod"]
[Date "2015.05.21"]
[Round "5"]
[White "Fuskova, Martina"]
[Black "Kubikova, Alena"]
[Result "0-1"]
[WhiteElo "1912"]
[BlackElo "2101"]
[PlyCount "72"]
[EventDate "2015.05.17"]
[EventType "tourn"]
[EventRounds "7"]
[EventCountry "CZE"]
[SourceTitle "CBM 166 Extra"]
[Source "ChessBase"]
[SourceDate "2015.06.18"]
[SourceVersion "1"]
[SourceVersionDate "2015.06.18"]
[SourceQuality "1"]

1. e4 g6 2. d4 Bg7 3. Nc3 d6 4. Be3 Nf6 5. Nf3 0-0 6. Bd3 c6 7. Qd2 Nbd7 8. 0-0-0 b5 9. h4 h5 10. Nh2 Qa5 11. Kb1 b4 12. Ne2 c5 13. f3 Nb6 14. dxc5 dxc5 15. Nc1 Na4 16. Nb3 Qc7 17. Bf4 e5 18. Bb5 Nxb2 19. Kxb2 exf4 20. Kb1 c4 21. Nd4 Rb8 22. Qe2 b3 23. axb3 cxb3 24. cxb3 a6 25. Ba4 Nd7 26. Qc2 Qe5 27. Ka2 Rb6 28. Rd2 Qa5 29. Rc1 Nc5 30. Qc3 Rb4 31. Ka3 Rxb3+ 32. Qxb3 Nxb3 33. Nxb3 Qb6 34. Rdc2 Be6 35. Nf1 Rb8 36. Nfd2 Qb4+ 0-1

[Event "CZE-chT U20 Extraliga final-B 1415"]
[Site "Czech Republic"]
[Date "2015.04.26"]
[Round "11.1"]
[White "Fuskova, Martina"]
[Black "Petr, Jan1111"]
[Result "1/2-1/2"]
[WhiteElo "2024"]
[BlackElo "2140"]
[PlyCount "32"]
[EventDate "2014.10.11"]
[EventType "team-tourn"]
[EventRounds "11"]
[EventCountry "CZE"]
[SourceTitle "EXT 2021"]
[Source "ChessBase"]
[SourceDate "2020.10.23"]
[SourceVersion "1"]
[SourceVersionDate "2020.10.23"]
[SourceQuality "1"]
[WhiteTeam "Frydek Mistek (U20)"]
[BlackTeam "Praha Bohemians (U20)"]
[WhiteTeamCountry "CZE"]
[BlackTeamCountry "CZE"]

1. e4 e5 2. Nf3 Nc6 3. Bc4 Nf6 4. d4 exd4 5. e5 Ng4 6. 0-0 d6 7. exd6 Bxd6 8. Re1+ Kf8 9. h3 Nge5 10. Nbd2 Nxc4 11. Nxc4 Be6 12. Bg5 Be7 13. Bxe7+ Kxe7 14. Qd3 Qd5 15. Rad1 Rad8 16. Qa3+ Kf6 1/2-1/2